Geography Quiz

Random Geography or City Quiz

Largest 'A' Cities per State Quiz Stats

 Plays Quiz Updated Mar 5, 2018

Support Sporcle.
Go Orange.
Score 0/50 Timer 10:00
1 Play Today
State City % Correct
AlaskaAnchorage
85.8%
GeorgiaAtlanta
85.8%
TexasAustin
83.1%
New MexicoAlbuquerque
72.2%
CaliforniaAnaheim
66.4%
ColoradoAurora
64.2%
IllinoisAurora
64.2%
MichiganAnn Arbor
62.7%
OhioAkron
60.2%
VirginiaArlington
59.5%
MassachusettsArlington
55.1%
VermontArlington
54.8%
PennsylvaniaAllentown
50.9%
IowaAmes
38.9%
AlabamaAuburn
36.6%
MaineAuburn
36.6%
WashingtonAuburn
36.6%
LouisianaAlexandria
36.5%
WisconsinAppleton
31%
North CarolinaAsheville
30.9%
IndianaAnderson
25.7%
TennesseeAthens
25.4%
New JerseyAtlantic City
24.2%
New YorkAmherst
21.7%
South DakotaAberdeen
21.6%
State City % Correct
New HampshireAmherst
16.9%
KansasAndover
15.4%
KentuckyAshland
14.6%
ArizonaAvondale
14.5%
South CarolinaAiken
13.3%
ArkansasArkadelphia
11.6%
OregonAloha
11.6%
MinnesotaApple Valley
11.3%
MarylandAspen Hill
6.9%
MontanaAnaconda
6.8%
OklahomaArdmore
6.7%
NevadaAlamo
6%
MissouriArnold
4.9%
DelawareArden
4.9%
ConnecticutAnsonia
4.8%
WyomingAfton
4.7%
UtahAmerican Fork
4.4%
NebraskaAlliance
4.4%
HawaiiAiea
4.1%
IdahoAmmon
3.7%
North DakotaApple Creek
3.2%
MississippiAmory
2.7%
FloridaAlafaya
2.7%
Rhode IslandAshaway
2.1%
West VirginiaAlum Creek
1.8%

You're not logged in!

Compare scores with friends on all Sporcle quizzes.
OR
Log In

From the Vault

Who Did I Type? (US Presidents)

by chaosBEE

For an added challenge, play this quiz without looking down at your keyboard.
Remove Ads.
Support Sporcle.
Get the best of Sporcle when you Go Orange. This ad-free experience offers more features, more stats, and more fun while also helping to support Sporcle. Thank you for becoming a member.

Show Comments

Extras

Top Quizzes Today


Score Distribution

Your Account Isn't Verified!

In order to create a playlist on Sporcle, you need to verify the email address you used during registration. Go to your Sporcle Settings to finish the process.

Report this User

Report this user for behavior that violates our Community Guidelines.

Details: